000 01177nam a2200325 i 4500
001 000017157
003 DO-SdBNP
005 20240415140329.0
007 ta
008 100319t1982 dr r 000 0 spa d
040 _aDO-SdBNP
_bspa
_cBNPHU
_erda
082 4 _a352.34
_bJ17p, 1982
_222
100 1 _aJácome-Martínez, José María,
_d1929-
_937782
_eautor
245 1 0 _aPlanificación administrativa /
_cJosé María Jácome-Martínez.
250 _a3a. edición
264 _aSanto Domingo :
_bONAP,
_c1982.
300 _a100 páginas ;
_c23 cm.
336 _2rdacontent
_atexto
_btxt
337 _2rdamedia
_asin mediación
_bn
338 _2rdacarrier
_avolumen
_bnc
490 _aEstudios administrativos ;
_v3
500 _aIncluye datos biográficos del autor en la solapa de la cubierta
500 _aIncluye referencias bibliográficas y notas al pie de las páginas
590 _aInventariado, 2024 / MF
650 0 _aAdministración pública
_99266
650 4 _aPlanificación económica
_96641
710 1 _aRepública Dominicana.
_bOficina Nacional de Administración Pública
_935310
910 _aValidado. Control de calidad. MFF
942 _2ddc
_cLBS1
999 _c16683
_d16683